| 000 | 02317cam a2200313 a 4500 | ||
|---|---|---|---|
| 001 | 000018423 | ||
| 005 | 20200929165514.0 | ||
| 008 | 780322s1970 sp 000 p spa d | ||
| 035 | _a(OCoLC)ocm03740698 | ||
| 040 |
_aDO-SdBNP _cKKU _dEL _$dDLC _dBNPHU |
||
| 042 | _alccopycat | ||
| 082 |
_a861.5 _bC289a |
||
| 100 | 1 |
_aCarnero, Guillermo, _d1947- _99762 |
|
| 245 | 1 | 0 |
_aAntología de los poetas prerrománticos españoles / _cCarnero Guillermo. |
| 246 | 1 | 4 | _aAntología de la poesía prerromántica española |
| 260 |
_aBarcelona : _bBarral Editores, _c1970. |
||
| 300 |
_a275 p. ; _c19 cm. |
||
| 490 | 1 |
_aLibros de enlace ; _apoesía _v10 |
|
| 504 | _aBibliografías: p. 17. | ||
| 505 | 0 | _aBenito Jerónimo Feijóo y Montenegro -- Diego de Torres y Villarroel -- Alfonso Verdugo y Castilla -- Fray Diego Tadeo González -- Vicente García de la Huerta -- Nicolás Fernández de Moratín -- José Cadalso -- María Gertrudis de Hore -- Gaspar Melchor de Jovellanos y Ramírez -- Francisco Gregorio de Salas -- Antonio Francisco de Castro -- José Iglesias de la Casa -- José María Vaca de Guzmán y Manrique -- Cristóbal de Beña -- Vicente Rodríguez de Arellano -- José Mor de Fuentes -- Juan Meléndez Valdés -- Juan Bautista Pablo Forner -- Leandro Fernández de Moratín -- Gaspar María de Nava Alvarez de Noroña -- Nicasio Alvarez de Cienfuegos -- Francisco Sánchez Barbero -- José Marchena -- María Rosa Gálvez de Cabrera -- | |
| 505 | 0 | _aJuan Bautista Arriaza y Superviela -- Francisco de Paula Castro -- Manuel María de Arjona -- Juan María Maury -- Félix José Reinoso -- Manuel José Quintana -- Dionisio Villanueva y Ochoa -- Alberto Lista y Aragón -- José Vicente Alonso -- José María Blanco y Crespo -- Manuel María del Mármol -- Bartolomé José Gallardo -- Eugenio de Tapia -- Juan Nicasio Gallego -- José Somoza -- Bernardino Fernández de Velasco -- José Joaquín de Mora -- Estanislao de Cosca Vayo y Lamarca -- Manuel de Cabanyes. | |
| 650 | 4 |
_aPoesía española _ySIGLO XVIII _915870 |
|
| 650 | 4 |
_aPoesía española _ySIGLO XIX _99196 |
|
| 650 | 4 |
_aLiteratura española _ySIGLO XVIII _913698 |
|
| 650 | 4 |
_aLiteratura española _ySIGLO XIX _93067 |
|
| 830 | 0 |
_aLibros de enlace ; _ppoesía : _v10: _939886 |
|
| 910 | _aCatalogación por derivada / LC | ||
| 049 | _aBNGR | ||
| 999 |
_c17944 _d17944 |
||